000 00297nam a2200109Ia 4500
008 201217s9999 xx 000 0 und d
100 _aParchure, Rajas and Kumar, N. Ashok
245 0 _aIntroduction To Lease Financing
260 _aPune
_bThe Times Research Foundation
300 _a194
942 _cBK
999 _c7693
_d7693